000 00922nam a22002297a 4500
999 _c624
_d624
003 AR-CdUCM
008 190225b ||||| |||| 00| 0 spa d
040 _aMUNICIPALIDAD PROVINCIAL DEL CUSCO
_cBIBLIOTECA MUNICIPAL DEL CUSCO
082 _a434.2 /
_bO73
100 _aOrtecho Villena, Victor Julio
_92407
245 _aSociología del Perú /
260 _aTrujillo :
_bAmaru,
_c1970.
300 _a166 páginas ;
_c20 cm.
505 _aContenido: El determinismo Histórico y la sociología: su concepto -- Factores existenciales de la sociedad peruana -- Agrupaciones e instituciones sociales -- La problemática Nacional -- El problema del Subdesarrollo y el de la dependencia ...
650 _aNacionalidad
_92435
650 _aEvolución Social
_92436
650 _aClases sociales
_92411
650 _aProducción
_91785
650 _aRealidad Naconal
_92437
942 _2ddc
_cLIBROS
945 _araen
_d2019-02-25